• 首页
  • 本馆介绍
  • 公告通知
  • 最新文献
  • 馆藏检索
  • 电子资源
  • 读者导购
  • 参考咨询
  • 我的图书馆
  • 登录
  • 详细信息显示
  • 放入我的书架
  • 预约/预借图书
  • 作者相关作品
  • 分类相关作品
  • 丛书相关作品
  • 出版社相关作品

书目信息

  • 表格格式
  • 工作单格式
  • 卡片格式
题名:
化工制图
    
 
作者: 陆英 主编
分册:  
出版信息: 北京   高等教育出版社  2013.08
页数: 221页
开本: 26cm
丛书名:
单 册:
中图分类: TQ050.2
科图分类:
主题词: 化工机械--机械制图--高等职业教育--教材 , 化工机械 , 机械制图
电子资源:
ISBN: 978-7-04-037559-6
000 00924nam0 2200289 450
001 0120131142322
005 20170418155025.35
010    @a978-7-04-037559-6@dCNY28.80
100    @a20131026d2013 em y0chiy0110 ea
101 0  @achi
102    @aCN@b110000
105    @aak z 000yy
106    @ar
200 1  @a化工制图@9hua gong zhi tu@f陆英主编
205    @a2版@b修订版
210    @a北京@c高等教育出版社@d2013.08
215    @a221页@c折图@d26cm
300    @a普通高等教育“十一五”国家级规划教材修订版 高等职业教育化学化工类规划教材
330    @a本书内容包括制图的基本知识和技能、投影基础、基本体及其表面交线、轴测图、组合体、化工设备装配图、化工工艺图等。
333    @a高职
606 0  @a化工机械@x机械制图@x高等职业教育@j教材
606 0  @a化工机械
606 0  @a机械制图
690    @aTQ050.2@v5
701  0 @a陆英@9lu ying@4主编
801  0 @aCN@b人天书店@c20131026
905    @b987382-85@dTQ050.2@e356=2@f4
    
    化工制图/陆英主编.-2版,修订版.-北京:高等教育出版社,2013.08
    221页:折图;26cm
    普通高等教育“十一五”国家级规划教材修订版 高等职业教育化学化工类规划教材.-使用对象:高职
    
    ISBN 978-7-04-037559-6:CNY28.80
    本书内容包括制图的基本知识和技能、投影基础、基本体及其表面交线、轴测图、组合体、化工设备装配图、化工工艺图等。
●
相关链接 在E读中查询图书 在五车中查询图书 在当当中查询图书 在豆瓣中查询图书


正题名:化工制图     索取号:TQ050.2/356=2         预约/预借

序号 登录号 条形码 馆藏地/架位号 状态 备注
1 987382   209873822   第二样本阅览室/ [索取号:TQ050.2/356=2] 在馆    
2 987383   209873831   第三借阅区/ [索取号:TQ050.2/356=2] 在馆    
3 987384   209873840   第三借阅区/ [索取号:TQ050.2/356=2] 在馆    
4 987385   209873859   密集书库-化学系/ [索取号:TQ050.2/356=2] 在馆    
唐山师范学院图书馆 欢迎您!
大连网信软件有限公司© 版权所有